Traducción al castellano de los usages y demás derechos de Cataluña que no están derogados o no son notoriamente inútiles : con indicación del contenido de éstos y de las disposiciones por las que han venido a serlo : ilustrada con notas sacadas de los más clásicos autores del Principado / [por] Pedro Nolasco Vives y Cebriá ; estudi introductori: Dr. Joan Egea i Fernández con indicación del contenido de éstos y de las disposiciones por las que han venido a serlo :
MARC
| LEADER | 00000nam a2200000Ia 4500 | ||
|---|---|---|---|
| 001 | 13932, 13933 | ||
| 008 | 160829s1989 xx 000 0 cat d | ||
| 020 | |a 84-393-1249-0 (o.c.), 84-393-1244-X (v.1), 84-393-1245-8 (v.2) | ||
| 080 | |a D-2-26, D-2-27 | ||
| 245 | |a Traducción al castellano de los usages y demás derechos de Cataluña que no están derogados o no son notoriamente inútiles : |b con indicación del contenido de éstos y de las disposiciones por las que han venido a serlo : |b ilustrada con notas sacadas de los más clásicos autores del Principado / [por] Pedro Nolasco Vives y Cebriá ; estudi introductori: |b Dr. Joan Egea i Fernández | ||
| 250 | |a 2a ed., corr. i aug. ; Ed. facsímil | ||
| 260 | |a Barcelona : |b Generalitat de Catalunya, Departament de Justícia, |c 1989 | ||
| 300 | |a 2 v. ; |c 25 cm | ||
| 490 | |a Textos jurídics catalans ; 5 i 6. Escriptors ; I/4 i I/5 | ||
| 590 | |a Facsím., Madrid : Libr. Emilio Font ; Barcelona : Libr. del Plus Ultra, 1861. | ||
| 590 | |a Referències bibliogràfiques. | ||
| 590 | |a Índexs | ||
| 650 | |a Dret català |x Història |x Fonts |9 39839 | ||
| 700 | |a Vives i Cebrià, Pere Nolasc |9 39840 |e autor | ||
| 700 | 1 | |a Egea Fernández, Joan |e editor literari |9 1840 | |
| 710 | 1 | |a Catalunya. |b Departament de Justícia |9 53891 | |
| 901 | |a Arxiu | ||
| 942 | |n 1 |2 udc | ||
| 952 | |0 0 |1 0 |4 0 |6 D226_D227 |7 1 |9 49259 |a Arxiu |b Arxiu |d 2016-12-01 |l 0 |o D-2-26, D-2-27 |p 13932, 13933 |r 2016-12-01 00:00:00 |w 2016-12-01 |y ARXIU | ||
| 999 | |c 53099 |d 53099 | ||